000
00278nam a2200109Ia 4500
008
230907s9999||||xx |||||||||||||| ||und||
082
_a
620.115
_b
OXI
245
0
_a
Oxide thin films, multilayers, and nanocomposites /
260
_a
2015.
_b
BK
_c
0
300
_a
316 p.
942
_c
BK
999
_c
597484
_d
597484